| 000 | 00000nam##2200000za#4500 |
| 001 | 9.633299 |
| 003 | CaOODSP |
| 005 | 20210624215247 |
| 007 | cr ||||||||||| |
| 008 | 150407|2008||||xxc|||||o f|0| 0 fre|d |
| 020 | |a978-0-662-72598-5 |
| 040 | |aCaOODSP|bfre |
| 043 | |an-cn--- |
| 086 | 1 |aCH4-116/2008F-PDF |
| 110 | 1 |aCanada. |bPatrimoine canadien. |
| 245 | 10|aTraditions - rapport final |h[ressource électronique] |
| 246 | 1 |iTitre additionnel (dans la publication) : |aTraditions: Rassemblements nationaux sur le savoir autochtone - rapport final |
| 260 | |aOttawa - Ontario : |bPatrimoine canadien |c[2008]. |
| 300 | |a56p.|bgraphiques, références, tableaux |
| 500 | |a«Ce rapport rend compte des discussions qui ont eu lieu au cours des réunions de « Traditions : Rassemblements nationaux sur le savoir autochtone » tenues en mai et en juin 2005.»--Page 2 of 56. |
| 590 | |a11-24-Supp|b2011-10-24 |
| 691 | 07|aCulture autochtone|2gcpds |
| 775 | 08|tTraditions - final report |w(CaOODSP)9.688879 |
| 856 | 40|ahttp://publications.gc.ca|qPDF|s672 Ko|uhttps://publications.gc.ca/collections/collection_2011/pc-ch/CH4-116-2008-fra.pdf |